| 000 | 00704nam a2200241 a 4500 | ||
|---|---|---|---|
| 999 |
_c10635 _d10635 |
||
| 001 | 10635 | ||
| 003 | BD-JhCC | ||
| 005 | 20211013134021.0 | ||
| 008 | 180801s20172012ii |||| |||| 001 0 eng d | ||
| 020 | _a9788184953534 | ||
| 035 | _a(BD-JhCC)10635 | ||
| 040 |
_aBD-JhCC _dBD-JhCC |
||
| 041 | _aeng | ||
| 082 |
_a323.092 _bBRU 2016 |
||
| 100 | _aBruns, Roger | ||
| 245 |
_aMartin Luther King, Jr. : _ba biography / _cRoger Bruns |
||
| 260 |
_aDelhi : _bJaico Publishing House, _c2016 |
||
| 300 |
_axii, 157 p. : _c22 cm. |
||
| 504 | _aIncludes bibliography and index. | ||
| 600 |
_aKing, Martin Luther, Jr., _d1929-1968 |
||
| 650 |
_aCivil rights workers _xCivil rights workers |
||
| 942 |
_2ddc _cBK _04 |
||